| 000 | 00786nam a2200241 i 4500 | ||
|---|---|---|---|
| 001 | 000027396 | ||
| 003 | DO-SdBNP | ||
| 005 | 20250617135714.0 | ||
| 007 | ta | ||
| 008 | 110331s2000 dr a 000 0 spa d | ||
| 040 |
_aDO-SdBNP _bspa _cBNPHU _erda |
||
| 041 | _aspa | ||
| 082 | 4 |
_axxx _bS715a _222 |
|
| 100 | 1 |
_aSosa, José Rafael _eautor _4aut. _964 |
|
| 245 | 1 | 0 |
_aAnimación total / _cJosé Rafael Sosa. |
| 264 |
_aSanto Domingo : _bEditora Búho, _c2000. |
||
| 300 |
_a71 páginas ; _bilustraciones ; _c28 cm. |
||
| 336 |
_atexto _btxt _2rdacontent |
||
| 337 |
_asin mediación _bn _2rdamedia |
||
| 338 |
_avolumen _bnc _2rdacarrier |
||
| 500 | _aA la cabeza de la portada : Todas las dinámicas de grupo que usted conoce hasta el momento.... ¡olvídelas! | ||
| 942 |
_2ddc _cLBS1 |
||
| 999 |
_c26888 _d26888 |
||